Chinese Cities by Meaning - Statistics

General Stats
  • This quiz has been taken 299 times
  • The average score is 8 of 12
Answer Stats
Meaning Location Answer % Correct
Northern Capital Northeast Beijing
99%
Southern Capital East Nanjing
88%
Upon the Sea East Shanghai
86%
Fragrant Harbor Southeast Hong Kong
78%
Broad Prefecture Southeast Guangzhou
68%
Western Peace North Xian
68%
Heavenly Ford Northeast Tianjin
61%
Mansion Gate Southeast Xiamen
54%
Deep Drainage Southeast Shenzhen
45%
Established Capital Southwest Chengdu
44%
Doubled Celebration Southwest Chongqing
42%
Great Connection Northeast Dalian
36%
No matching quizzes found
Score Distribution
Percent of People with Each Score
Percentile by Number Answered
Your Score History
You have not taken this quiz